00301nam a2200121Ia 4500008004100000082001000041100001600051245002300067260003500090300000800125630002300133730002300156100204s9999 xx 000 0 und d b20859 aGARTER NICK aTHE PEKING DOSSIER b"AWARD BOOKS , NEW YORK"c1974 a186 aTHE PEKING DOSSIER aTHE PEKING DOSSIER